000 00869nam0a22002651 4500
001 RU\NLR\A1SV\108406
005 20251113085135.0
035 _a(NLR Aleph) 009789759
090 _a10131438
_c10131438
100 _a20090211d1921 u y0rusy50 ca
101 0 _arus
102 _aRU
200 1 _aРазрыв-трава
_eСтихи
_fИ.Морозов
_gПредисл. Максима Горького
210 _aПг.
_d1921
215 _a72 с.
620 _dСанкт-Петербург
700 1 _7ca
_8rus
_aМорозов
_bИ. И.
_cпоэт
_f1883-1942
_gИван Игнатьевич
_92702384
_3RU\NLR\AUTH\770291552
702 1 _7ca
_8rus
_aГорький
_bМ.
_f1868-1936
_gМаксим
_9110200
_3RU\NLR\auth\77104
801 0 _aRU
_bNLR
_c20090211
899 _aГИМ
899 _aНГОУНБ
942 _cBOOK
980 _aA1SV
980 _aNB